| 000 | 00823nam a2200253 a 4500 | ||
|---|---|---|---|
| 001 | BRCA_5804 | ||
| 005 | 20190320205223.0 | ||
| 008 | 100311s1922----u--a#####t---#000-0#eng-# | ||
| 041 | _aeng | ||
| 044 | _au | ||
| 050 | 4 |
_aHC132 _b.M49 3 1922 |
|
| 245 | 1 | 0 |
_aThe Mexican Year Book _bthe Standard Authority on Mexico, 1920-21 _cedited by Robert Glass Cleland. |
| 260 |
_aLos Ángeles _bMexican Year Book _c1922 |
||
| 300 |
_a524 p. _bil., 1 mapa plegable a color _c24 cm. |
||
| 500 | _aIncluye índice alfabético | ||
| 500 | _aVer también CEF63 y CEF64 | ||
| 500 | _aH91 | ||
| 504 | _aBibliografía: p. [515]-518 | ||
| 650 | 1 | 4 |
_aFinanzas _vAnuarios _zMéxico _911370 |
| 651 | 4 |
_aMéxico _vAnuarios _xCondiciones económicas _914706 |
|
| 700 | 1 |
_aGlass Cleland, Robert _eEditor _914707 |
|
| 902 | _aGFM | ||
| 942 |
_2lcc _cB |
||
| 999 |
_c5493 _d5493 |
||